| 000 | 00494nam a2200181 a 4500 | ||
|---|---|---|---|
| 005 | 20140412111428.0 | ||
| 008 | 090226s19uu xx 00 eng d | ||
| 020 | _a0-916119-31-9 | ||
| 050 |
_aTR(GS 646.1 _bW67 1994 |
||
| 100 | _aWilliams, Rozanne L. | ||
| 245 |
_aButtons Buttons / _cRozanne L. Williams. |
||
| 260 |
_aU.S.A : _bCreative Teaching Press, _c1994. |
||
| 300 | _a8p. | ||
| 440 | _aLearn to read Science series | ||
| 650 | _aSorting | ||
| 650 | _aCounting | ||
| 999 |
_c106293 _d106293 |
||